000 00327nam a2200145Ia 4500
008 100122s9999 xx 000 0 und d
082 _b51426
_a823
100 _aBOLAN MACK
245 _aTROPIC HEAT
260 _bGOLD EAGLE BOOK
_c1988
300 _a380
630 _aTROPIC HEAT
730 _aTROPIC HEAT
942 _cBOOK
999 _c375716
_d375713